Animales en español - Statistics

General Stats
  • This quiz has been taken 289 times
    5 since last reset
  • The average score is 82 of 106
Answer Stats
Animal Animal % Correct
Rat la rata
100%
Eagle el águila
100%
Armadillo el armadillo
100%
Owl el búho
100%
Horse el caballo
100%
Camel el camello
100%
Crab el cangrejo
100%
Kangaroo el canguro
100%
Pig el cerdo
100%
Crocodile el cocodrilo
100%
Rabbit el conejo
100%
Dolphin el delfín
100%
Elephant el elefante
100%
Scorpion el escorpión
100%
Flamingo el flamenco
100%
Cat el gato
100%
Gorilla el gorila
100%
Hamster el hámster
100%
Hippo el hipopótamo
100%
Insect el insecto
100%
Jaguar el jaguar
100%
Koala el koala
100%
Lion el león
100%
Leopard el leopardo
100%
Parrot el loro
100%
Monkey el mono
100%
Mosquito el mosquito
100%
Bat el murciélago
100%
Bear el oso
100%
Bird el pájaro
100%
Duck el pato
100%
Dog el perro
100%
Fish el pez
100%
Penguin el pingüino
100%
Chicken el pollo
100%
Octopus el pulpo
100%
Rhinoceros el rinoceronte
100%
Shark el tiburón
100%
Bull el toro
100%
Fox el zorro
100%
Bee la abeja
100%
Spider la araña
100%
Goat la cabra
100%
Seal la foca
100%
Ant la hormiga
100%
Iguana la iguana
100%
Giraffe la jirafa
100%
Llama la llama
100%
Butterfly la mariposa
100%
Ladybug la mariquita
100%
Jellyfish la medusa
100%
Sheep la oveja
100%
Pigeon la paloma
100%
Frog la rana
100%
Snake la serpiente
100%
Tortoise la tortuga
100%
Cow la vaca
100%
Donkey el burro
75%
Squid el calamar
75%
Deer el ciervo
75%
Horn/Antler el cuerno
75%
Hedgehog el erizo
75%
Cricket el grillo
75%
Lizard el lagarto
75%
Sealion el león marino
75%
Wolf el lobo
75%
Mouse el ratón
75%
Tiger el tigre
75%
Toucan el tucán
75%
Whale la ballena
75%
Zebra la cebra
75%
Cockroach la cucaracha
75%
Starfish la estrella de mar
75%
Fly la mosca
75%
Wings las alas
75%
Sea Turtle la tortuga marina
75%
Shell el caparazón
50%
'She' is called Ella se llama
50%
Grasshopper el saltamontes
50%
'He' is called Él se llama
50%
Wasp la avispa
50%
Tail la cola
50%
Bark Ladrar
50%
Lobster la langosta
50%
Panda la panda
50%
Claws las garras
50%
Paws las patas
50%
Bugs los bichos
50%
I have a dog Tengo un perro
50%
Howl Aullar
25%
What is he/she called? ¿Como se llama?
25%
Fur el pelaje
25%
Beak el pico
25%
Growl Gruñir
25%
Hoof la pezuña
25%
Moth la polilla
25%
Stingray la raya
25%
Fins las aletas
25%
Whiskers los bigotes
25%
Roar Rugir
25%
Hiss Sisear
25%
I had a dog (female) Tenía una perra
25%
Do you have any pets? ¿Tienes mascotas?
25%
Buzz Zumbar
25%
Snout el hocico
0%
Jaws las mandíbulas
0%
No matching quizzes found
Score Distribution
Percent of People with Each Score
Percentile by Number Answered
Your Score History
You have not taken this quiz since the last reset